Statistics for Guess the Animal [Part 1]

Click here to take the quiz!

General Stats

  • This quiz has been taken 8 times
  • The average score is 7 of 16

Answer Stats

Answer% Correct
puffin
86%
toad
71%
yak
71%
beluga
57%
sugar glider
57%
wombat
57%
gharial
43%
gila monster
43%
nutria
43%
rhea
43%
trout
43%
cormorant
29%
dugong
29%
moray
29%
tegu
29%
secretary bird
14%

Score Distribution

Percentile by Number Answered

Percent of People with Each Score

Your Score History

You have not taken this quiz